Fr. Conceicao Rodrigues College of Engineering

Office 2013 the missing manual (Record no. 24078)

MARC details
000 -LEADER
fixed length control field 00374nam a2200169Ia 4500
082 ## - DEWEY DECIMAL CLASSIFICATION NUMBER
Classification number 5.43
Item number CON
100 ## - MAIN ENTRY--PERSONAL NAME
Personal name Conner/Nancy/ MacDonald mathew
245 ## - TITLE STATEMENT
Title Office 2013 the missing manual
260 ## - PUBLICATION, DISTRIBUTION, ETC.
Name of publisher, distributor, etc. Oreilly
Date of publication, distribution, etc. 2013
366 ## - TRADE AVAILABILITY INFORMATION
Publishers's discount category 20
300 ## - PHYSICAL DESCRIPTION
Extent 1024
546 ## - LANGUAGE NOTE
Language note ENGLISH
-- Computers
650 ## - SUBJECT ADDED ENTRY--TOPICAL TERM
Topical term or geographic name entry element Office 2013
654 ## - SUBJECT ADDED ENTRY--FACETED TOPICAL TERMS
Focus term office 2013
942 ## - ADDED ENTRY ELEMENTS (KOHA)
Koha item type BOOK
Holdings
Withdrawn status Lost status Damaged status Not for loan Collection Home library Current library Date acquired Source of acquisition Cost, normal purchase price Inventory number Total Checkouts Full call number Barcode Date last seen Cost, replacement price Price effective from Koha item type
        CRC Fr. Agnel's C.Rodrigues College of Engineering Fr. Agnel's C.Rodrigues College of Engineering 17/03/2023 Book Service Syndicate 1180.00 58 dt 11.06.2014   5.43 CON 23222 17/03/2023 1475.00   BOOK